| 000 | 00999cab a2200265 4500 | ||
|---|---|---|---|
| 001 | ABS58319 | ||
| 008 | 090401t1998 xxu||||| |||| 00| 0 eng d | ||
| 035 | _a(Sirsi) u84148 | ||
| 041 | _aeng | ||
| 100 | _aDriscoll, J. | ||
| 245 | _aInvesting in residential property to rent(5) | ||
| 260 | _c1998 | ||
| 350 | _a0 | ||
| 490 |
_aSolicitors` Journal _v142(5) 6 February 1998, 108(1) |
||
| 520 | _aLooks at residential landlords` responsibility for the safe supply of gas to a property and the supply of furniture in accordance with fire regulations. | ||
| 650 | _aCARBON MONOXIDE POISONING | ||
| 650 | _aMANAGEMENT-HEALTH AND SAFETY-FIRE SAFETY | ||
| 650 | _aFURNITURE AND FURNISHINGS (FIRE) (SAFETY) REGULATIONS 1988 | ||
| 650 | _aGAS SAFETY (INSTALLATION AND USE) REGULATIONS 1994 | ||
| 650 | _aGAS SAFETY | ||
| 650 |
_aHEALTH AND SAFETY _96244 |
||
| 690 | _aPROPERTY-RESIDENTIAL PROPERTY-RESIDENTIAL LANDLORD AND TENANT-RESIDENTIAL TENANCIES | ||
| 942 | _n0 | ||
| 948 | _c10/02/1998 | ||
| 999 |
_c52867 _d52867 |
||